000 00749cam a22002537a 4500
001 c 67000578
003 DLC
005 20260227111036.0
008 090715s1956 ch 000 0 eng
010 _ac 67000578
040 _aDLC
_cDLC
043 _aa-ch---
050 0 0 _aKNP107.5
_b.Z58 1956
066 _c$1
100 1 _aJu, William Chia-chiun,
_d1925-
245 1 0 _6880-01
_aGong si fa /
_cZhu jia jun zhu.
250 _6880-02
_aChu ban.
260 _6880-03
_aTai bei shi :
_bZhu Jiajun ,
_cMinguo 45 [1956]
300 _a12, 124 p.
_c19 cm.
650 0 _aCorporation law
_zTaiwan.
880 1 0 _6245-01/$1
_a公司法 /
_c諸家駿著.
880 _6250-02/$1
_a初版.
880 _6260-03/$1
_a台北市 :
_b諸家駿,
_c民國45 [1956]
999 _c12926
_d12926